| 000 | 00521nam a22001817a 4500 | ||
|---|---|---|---|
| 003 | CEME | ||
| 005 | 20210628202116.0 | ||
| 008 | 210225b xxu||||| |||| 00| 0 eng d | ||
| 020 | _a3-540-42401-6 | ||
| 040 | _c. | ||
| 082 | _a658.409 SUC | ||
| 100 |
_aOsterloh, Margit Frey, Bruno S _958309 |
||
| 245 | _aSuccessful management by motivation, balancing intrinsic and extrinsic incentives | ||
| 260 |
_aNEW YORK _bSPRINGER _c2002 |
||
| 300 | _aXV,300P | ||
| 650 |
_aMANAGEMENT BY MOTIVATION _958310 |
||
| 942 |
_cBK _2ddc |
||
| 999 |
_c568506 _d568506 |
||